| 000 | 00387nam a2200169Ia 4500 | ||
|---|---|---|---|
| 005 | 20250603145358.0 | ||
| 008 | 250603s9999 xx 000 0 und d | ||
| 050 | _aKP 63 .O6/ | ||
| 100 | _aOputa, Justice C. A. | ||
| 245 | 0 | _aModern bar advocacy | |
| 260 | _aEnugu | ||
| 260 | _bCommittee for law reporting | ||
| 260 | _c1987 | ||
| 300 | _a224 p | ||
| 650 | _aEnugu | ||
| 942 | _cBK | ||
| 999 |
_c41686 _d41686 |
||